banner-ar

TREE AND FIELD CROPS OF THE WETTER REGIONS OF THE TROPICS / (Record no. 20461)

MARC details
000 -الفاتح
حقل البيانات ثابتة الطول 00608nam a2200229Ia 4500
008 - عناصر البيانات ثابتة الطول - معلومات عامة
حقل البيانات ثابتة الطول 140319s9999 xx 000 0 eng d
040 ## - مصدر الفهرسة
وكالة الفهرسة الأصلية GCL /
وكالة النسخ GCL
082 04 - رقم تصنيف ديوى العشرى
رقم التصنيف 634.6
رقم المادة W T
100 1# - المدخل الرئيسى - إسم شخصى
الإسم الشخصى RAJARATNAM, J.A
245 10 - بيان العنوان
العنوان TREE AND FIELD CROPS OF THE WETTER REGIONS OF THE TROPICS /
بيان المسئوليه,etc RAJARATNAM, J.A
700 1# - المدخل الاضافى - اسم شخصى
الإسم الشخصى WILLIAMS, C.N
700 1# - المدخل الاضافى - اسم شخصى
الإسم الشخصى CHEW, W.Y
260 ## - PUBLICATION, DISTRIBUTION, ETC. (IMPRINT)
تاريخ النشر أو التوزيع 1987
300 ## - الوصف المادى
التعداد 262 P
650 04 - المدخل الاضافى بالموضوع-مصطلح موضوعى
مصطلح موضوعي TROPICAL CROPS
650 04 - المدخل الاضافى بالموضوع-مصطلح موضوعى
مصطلح موضوعي AGRICULTURE
650 04 - المدخل الاضافى بالموضوع-مصطلح موضوعى
مصطلح موضوعي FIELD CROPS
650 04 - المدخل الاضافى بالموضوع-مصطلح موضوعى
مصطلح موضوعي CROPS, WETTER REGIONS
650 04 - المدخل الاضافى بالموضوع-مصطلح موضوعى
مصطلح موضوعي TREE CROPS
942 ## - عناصر المدخل الإضافي( كوها)
مصدر التصنيف او مخطط الترفيف Dewey Decimal Classification
Koha [default] item type كتاب
260 ## - PUBLICATION, DISTRIBUTION, ETC. (IMPRINT)
-- [S.N] :
-- ELBS LONGMAN ،
Holdings
حالة التراجع حالة الفقد حالة تلف ليس للاعارة المكان المؤقت الموقع الحالى تاريخ الاكتساب اجمالي اﻻعارات رقم الطلب الباركود تاريخ اخر مشاهدة تاريخ تفعيل السعر نوع وعاء كوها
        مكتبة القاهرة الكبرى مكتبة القاهرة الكبرى 03/26/2014   634.6\W T 38367 03/26/2014 03/26/2014 كتاب

Powered By

EGPV